<?xml version="1.0" encoding="UTF-8"?><?xml-stylesheet type="text/xsl" href="static/style.xsl"?><OAI-PMH xmlns="http://www.openarchives.org/OAI/2.0/" xmlns:xsi="http://www.w3.org/2001/XMLSchema-instance" xsi:schemaLocation="http://www.openarchives.org/OAI/2.0/ http://www.openarchives.org/OAI/2.0/OAI-PMH.xsd"><responseDate>2026-04-13T03:57:48Z</responseDate><request verb="GetRecord" identifier="oai:www.recercat.cat:2072/476488" metadataPrefix="marc">https://recercat.cat/oai/request</request><GetRecord><record><header><identifier>oai:recercat.cat:2072/476488</identifier><datestamp>2024-11-04T08:10:33Z</datestamp><setSpec>com_2072_98</setSpec><setSpec>col_2072_378192</setSpec></header><metadata><record xmlns="http://www.loc.gov/MARC21/slim" xmlns:dcterms="http://purl.org/dc/terms/" xmlns:xsi="http://www.w3.org/2001/XMLSchema-instance" xmlns:doc="http://www.lyncode.com/xoai" xsi:schemaLocation="http://www.loc.gov/MARC21/slim http://www.loc.gov/standards/marcxml/schema/MARC21slim.xsd">
   <leader>00925njm 22002777a 4500</leader>
   <datafield ind2=" " ind1=" " tag="042">
      <subfield code="a">dc</subfield>
   </datafield>
   <datafield ind2=" " ind1=" " tag="720">
      <subfield code="a">Vijayan, Anuja</subfield>
      <subfield code="e">author</subfield>
   </datafield>
   <datafield ind2=" " ind1=" " tag="720">
      <subfield code="a">Vijayakumar, Vishnu</subfield>
      <subfield code="e">author</subfield>
   </datafield>
   <datafield ind2=" " ind1=" " tag="720">
      <subfield code="a">Johansson, Malin B.</subfield>
      <subfield code="e">author</subfield>
   </datafield>
   <datafield ind2=" " ind1=" " tag="720">
      <subfield code="a">Karimipour, M.</subfield>
      <subfield code="e">author</subfield>
   </datafield>
   <datafield ind2=" " ind1=" " tag="720">
      <subfield code="a">Lira-Cantu, Monica</subfield>
      <subfield code="e">author</subfield>
   </datafield>
   <datafield ind2=" " ind1=" " tag="720">
      <subfield code="a">Kim, Byeong Jo</subfield>
      <subfield code="e">author</subfield>
   </datafield>
   <datafield ind2=" " ind1=" " tag="720">
      <subfield code="a">Boschloo, Gerrit</subfield>
      <subfield code="e">author</subfield>
   </datafield>
   <datafield ind2=" " ind1=" " tag="260">
      <subfield code="c">2024</subfield>
   </datafield>
   <datafield ind2=" " ind1=" " tag="520">
      <subfield code="a">Lead halide perovskite photovoltaics have shown an impressive efficiency increase over the past decade. Making this technology industrially viable requires precise optimization of every single deposition step. Here we used slot-die coating, a promising scalable deposition technique to enable large scale deposition. We demonstrate the challenges in developing high-quality slot-die coated tin oxide (SnO) films, suited as electron selective layers in perovskite solar cells. We studied the film quality of two commercially available colloidal SnO dispersions by controlling pump rate, coating speed and temperature of the indium tin oxide substrates (ITO). The water-based dispersion was more difficult to control, but resulted in better perovskite solar cell performance than the butanol-based dispersion. Hysteresis in J-V curves from the water-based tin oxide dispersion was reduced by potassium fluoride addition. A maximum power conversion efficiency of 17.5% was achieved for MAPbI-based solar cells by careful optimization of the deposition parameters.</subfield>
   </datafield>
   <datafield ind1="8" ind2=" " tag="024">
      <subfield code="a">http://hdl.handle.net/2072/476488</subfield>
   </datafield>
   <datafield ind2="0" ind1="0" tag="245">
      <subfield code="a">Slot-die coating of electron transport layers for perovskite solar cells using water and butanol-based tin oxide dispersions</subfield>
   </datafield>
</record></metadata></record></GetRecord></OAI-PMH>